[Event "38th Olympiad"]
[Site "Dresden GER"]
[Date "2008.11.20"]
[Round "7"]
[White "Michel Yunis,C"]
[Black "Garcia,Rau"]
[Result "1-0"]
[WhiteElo "2368"]
[BlackElo "2257"]
[EventDate "2008.11.13"]

1. d4 d5 2. c4 c6 3. Nf3 Nf6 4. e3 Bg4 5. Nbd2 Nbd7 6. Qc2 e6 7. b3 Bd6 8.
Bb2 Qb8 9. Bd3 O-O 10. h3 Bh5 11. O-O Bg6 12. Rad1 Bxd3 13. Qxd3 Rd8 14. e4
dxc4 15. Nxc4 Bc7 16. Qc2 Nf8 17. Rfe1 Bf4 18. g3 Bh6 19. Nfe5 Qc7 20. b4
b6 21. a4 N8d7 22. Ng4 Nxg4 23. hxg4 g6 24. Kg2 Bg7 25. f4 a5 26. bxa5 bxa5
27. Rh1 Rab8 28. Bc3 Ra8 29. g5 f5 30. exf5 exf5 31. Qa2 Kf8 32. Rxh7 c5
33. Rxg7 Kxg7 34. d5+ Kf8 35. Rh1 Re8 36. Rh8+ Kf7 37. Rh7+ Kf8 38. Ne5
Rxe5 39. fxe5 1-0

[Event "38th Olympiad"]
[Site "Dresden GER"]
[Date "2008.11.20"]
[Round "7"]
[White "Jose Queralto,D"]
[Black "Moussa,A"]
[Result "1/2-1/2"]
[WhiteElo "2125"]
[BlackElo "2223"]
[EventDate "2008.11.13"]

1. e4 c6 2. Nc3 e5 3. Nf3 d6 4. d4 Qc7 5. a4 Nf6 6. h3 Be7 7. Bg5 O-O 8.
Be2 Nbd7 9. O-O Re8 10. Re1 Nf8 11. Qd2 Ng6 12. Rad1 h6 13. Be3 Bf8 14. Bf1
Bd7 15. g3 a6 16. Qd3 b5 17. axb5 axb5 18. Nd2 b4 19. Ne2 d5 20. Bg2 Rad8
21. c4 c5 22. dxe5 Nxe5 23. Qc2 d4 24. Bf4 d3 25. Qxd3 Nxd3 26. Bxc7 Rc8
27. Bf4 Nxe1 28. Rxe1 Bc6 29. f3 Ra8 30. Be3 Ra2 31. Rb1 Rd8 32. Kf2 Nd7
33. Nc1 Raa8 34. Nd3 Nb6 35. Ke2 Ra2 36. Nxb4 Rxd2+ 37. Kxd2 Nxc4+ 38. Kc3
cxb4+ 39. Kxc4 Ba4 40. Bd4 Bc2 41. Rc1 b3 42. Bc3 Ra8 43. Bd4 Rc8+ 44. Kd5
Bxe4+ 45. fxe4 Rxc1 46. Bf3 g5 47. e5 Bb4 48. h4 Bd2 49. hxg5 hxg5 50. g4
Rc2 51. Bd1 Bc1 52. Bxc2 bxc2 53. b4 Bd2 54. Bb2 c1=Q 55. Bxc1 Bxc1 56. b5
Be3 57. Ke4 Bb6 58. Kf5 Bc7 59. b6 Bb8 60. e6 fxe6+ 61. Kxe6 Kg7 62. Kf5
Kh6 63. Kf6 Bd6 64. Kf5 Bc5 65. b7 Bd6 66. Kf6 Bb8 67. Kf5 Bc7 68. Kf6 Bf4
69. Kf5 Bb8 70. Kf6 1/2-1/2

[Event "38th Olympiad"]
[Site "Dresden GER"]
[Date "2008.11.20"]
[Round "7"]
[White "Ihsan,J"]
[Black "Santamaria,V"]
[Result "1-0"]
[WhiteElo "2166"]
[BlackElo "2106"]
[EventDate "2008.11.13"]

1. c4 e5 2. Nc3 d6 3. g3 f5 4. Bg2 g6 5. d3 Bg7 6. e3 Nf6 7. Nge2 O-O 8.
O-O c6 9. Rb1 Be6 10. b3 Bf7 11. f4 exf4 12. exf4 Na6 13. h3 Re8 14. b4 d5
15. b5 Nc7 16. bxc6 bxc6 17. d4 Rc8 18. c5 Ne4 19. Rb7 Ne6 20. Bxe4 dxe4
21. Be3 Rc7 22. Rxc7 Qxc7 23. Qa4 Rd8 24. Rb1 Qd7 25. Rb4 Nxc5 26. dxc5
Bxc3 27. Nxc3 Qd3 28. Nd1 Qxd1+ 29. Qxd1 Rxd1+ 30. Kf2 Rd7 31. a4 Be6 32.
Bd4 Kf7 33. Ke3 Ba2 34. a5 Ke6 35. a6 Kd5 36. Rb7 Ke6 37. Rb4 Bd5 38. Be5
Ba2 39. Bd4 Ke7 40. h4 Ke6 41. Kf2 Bb1 42. Rxb1 Rxd4 43. Rb7 Rd7 44. Ke2
Ke7 45. Rb8 Ke6 46. Rb7 h5 47. Ke1 Rd3 48. Rxa7 Rxg3 49. Ra8 Ra3 50. a7 Kf7
51. Rh8 Kg7 52. a8=Q 1-0

[Event "38th Olympiad"]
[Site "Dresden GER"]
[Date "2008.11.20"]
[Round "7"]
[White "Leyva,H"]
[Black "Al Hadarani,H"]
[Result "0-1"]
[WhiteElo "2399"]
[BlackElo "2308"]
[EventDate "2008.11.13"]

1. d4 Nf6 2. c4 c5 3. d5 d6 4. Nc3 g6 5. e4 Bg7 6. h3 O-O 7. Bd3 Nbd7 8.
Nf3 a6 9. a4 e6 10. dxe6 fxe6 11. e5 dxe5 12. O-O b6 13. Ng5 Qe7 14. a5 Bb7
15. axb6 Rad8 16. Qe2 Nb8 17. Nge4 Nc6 18. Nxf6+ Bxf6 19. Be4 Rb8 20. Qg4
Nd4 21. Bh6 Bg7 22. Bg5 Qf7 23. f4 Bxe4 24. Nxe4 exf4 25. Rxa6 f3 26. gxf3
Nxf3+ 27. Kh1 h5 28. Qg2 Qb7 29. Nxc5 Qc6 30. b4 Nh4 31. Rxf8+ Rxf8 32.
Qxc6 Rf1+ 0-1

[Event "38th Olympiad"]
[Site "Dresden GER"]
[Date "2008.11.20"]
[Round "7"]
[White "Al Zendani,Z"]
[Black "Arias,Le"]
[Result "0-1"]
[WhiteElo "2400"]
[BlackElo "2372"]
[EventDate "2008.11.13"]

1. e4 c5 2. Nf3 e6 3. Nc3 a6 4. d4 cxd4 5. Nxd4 b5 6. Bd3 d6 7. O-O Bb7 8.
Qe2 Nd7 9. Bd2 Ngf6 10. a3 Be7 11. Kh1 g6 12. Bh6 e5 13. Nb3 Bf8 14. Bxf8
Kxf8 15. f4 Kg7 16. fxe5 Nxe5 17. Nd4 Qe7 18. Rae1 Rac8 19. Qd2 h6 20. Qf4
Rhe8 21. Qg3 Kh7 22. Qh3 Nfg4 23. Be2 Nf6 24. Bd3 Kg7 25. Rf5 Rc5 26. Ref1
Neg4 27. R5f4 Rh5 28. Rxg4 Bc8 29. Rxg6+ fxg6 30. Qg3 Qe5 31. Qxe5 Rhxe5
32. Nf3 R5e7 33. Nd2 Bb7 34. Kg1 d5 35. exd5 Nxd5 36. Nxd5 Bxd5 37. Rf4 Rf7
38. Rxf7+ Bxf7 39. a4 bxa4 0-1

[Event "38th Olympiad"]
[Site "Dresden GER"]
[Date "2008.11.20"]
[Round "7"]
[White "Al Qudaimi,B"]
[Black "Martinez,Ne"]
[Result "0-1"]
[WhiteElo "2464"]
[BlackElo "2149"]
[EventDate "2008.11.13"]

1. e4 c5 2. Ne2 d6 3. g3 Nf6 4. Bg2 e5 5. c3 Be7 6. d4 cxd4 7. cxd4 O-O 8.
O-O a6 9. h3 b5 10. f4 Bb7 11. Qd3 Nbd7 12. Nd2 exd4 13. Nxd4 Nc5 14. Qb1
Re8 15. Kh2 Bf8 16. Re1 h6 17. b3 Ra7 18. b4 Na4 19. Qd3 Qc7 20. Re3 Raa8
21. N2b3 Rac8 22. Na5 Ba8 23. Bd2 Nb2 24. Qe2 Nc4 25. Rc1 Qa7 26. Nxc4 Qxd4
27. Rd3 Qa7 28. Be3 Qb8 29. Nxd6 Bxd6 30. Rxc8 Rxc8 31. e5 Bxg2 32. Qxg2
Bxe5 33. fxe5 Qxe5 34. Bc5 Qf5 35. Re3 h5 36. Re2 Nd7 37. Rf2 Qe6 38. Re2
Qf5 39. Rf2 Qg6 40. Ba7 Qc6 41. Qf1 Qc4 42. Qd1 Nf6 43. Bc5 h4 44. gxh4
Qxh4 45. Rg2 Qf4+ 46. Kh1 g6 47. Qd3 Qe4 48. Qd6 Nh5 49. Qd7 Re8 50. Bd6
Re6 51. Kh2 Qf3 52. Qc7 Re3 53. Qc8+ Kh7 54. Qg4 Qxg4 55. hxg4 Nf6 56. Bc5
Rd3 57. g5 Ne4 58. Be7 Rd7 59. Bf8 Kg8 60. Bc5 Rd2 61. Be7 f5 62. gxf6
Rxg2+ 63. Kxg2 Kf7 64. Kf3 Nxf6 65. Bc5 Ke6 66. Bd4 Nd5 67. a3 Kf5 68. Bb2
g5 69. Bc1 g4+ 70. Kg2 Ke4 71. Kg3 Ne3 72. Bb2 Nc4 73. Bc1 Kd3 74. Kxg4 Kc2
0-1

[Event "38th Olympiad"]
[Site "Dresden GER"]
[Date "2008.11.20"]
[Round "7"]
[White "Cueto,Jo"]
[Black "Rowe,P"]
[Result "1-0"]
[WhiteElo "2320"]
[BlackElo "2053"]
[EventDate "2008.11.13"]

1. d4 d5 2. Bf4 Nf6 3. e3 e6 4. c4 Be7 5. Nc3 c6 6. Nf3 Nbd7 7. h3 Nf8 8.
c5 Ng6 9. Bh2 Nd7 10. b4 O-O 11. Be2 Bf6 12. O-O e5 13. b5 Re8 14. bxc6
bxc6 15. Qa4 exd4 16. exd4 Re6 17. Bd6 Bb7 18. Rab1 Rxd6 19. cxd6 Nb6 20.
Qa3 Bc8 21. Rfe1 Bf5 22. Rbd1 Qd7 23. Bf1 h5 24. Ne5 Qc8 25. Nxg6 Bxg6 26.
Na4 Bc2 27. Nxb6 axb6 28. d7 Qf8 29. Qxa8 Qxa8 30. Re8+ 1-0

[Event "38th Olympiad"]
[Site "Dresden GER"]
[Date "2008.11.20"]
[Round "7"]
[White "Hamperl,F"]
[Black "Campero,R"]
[Result "0-1"]
[WhiteElo "2076"]
[BlackElo "2255"]
[EventDate "2008.11.13"]

1. e4 g6 2. d4 Bg7 3. Be3 d6 4. Nc3 a6 5. f4 b5 6. a3 Bb7 7. Nf3 Nd7 8. Bd3
c5 9. e5 cxd4 10. Bxd4 Bxf3 11. Qxf3 dxe5 12. fxe5 Bxe5 13. Be4 Rc8 14.
O-O-O Bxd4 15. Rxd4 Qb6 16. Rhd1 Ngf6 17. Nd5 Nxd5 18. Bxd5 Nf6 19. Bb7 Rb8
20. Bc6+ Kf8 21. Qf4 Kg7 22. Bf3 Rhc8 23. Qe5 Rc7 24. Rd7 Rbc8 25. Rxc7
Rxc7 26. Re1 a5 27. g4 h6 28. h4 Qf2 29. Qxc7 Qxe1+ 30. Bd1 Nxg4 31. Qc3+
Qxc3 32. bxc3 Ne3 33. Be2 Nd5 34. Kd2 g5 35. hxg5 hxg5 36. Bxb5 f5 37. c4
Nc7 38. Ke3 e5 39. Bc6 Kf6 40. Bg2 Ne6 41. Bh1 Nc5 42. Bg2 g4 43. Bf1 f4+
44. Ke2 e4 45. Kf2 Ke5 0-1

[Event "38th Olympiad"]
[Site "Dresden GER"]
[Date "2008.11.20"]
[Round "7"]
[White "Gemy,J"]
[Black "Ozanne,M2"]
[Result "1-0"]
[WhiteElo "2200"]
[BlackElo "2042"]
[EventDate "2008.11.13"]

1. d4 Nf6 2. Nf3 g6 3. c4 Bg7 4. Nc3 O-O 5. g3 d6 6. Bg2 Nc6 7. e4 Bg4 8.
Be3 e5 9. d5 Nd4 10. h3 Nxf3+ 11. Bxf3 Bxf3 12. Qxf3 Nh5 13. g4 Nf4 14.
O-O-O c6 15. dxc6 bxc6 16. Bc5 Ne6 17. Bxd6 Nd4 18. Bxf8 Nxf3 19. Rxd8 Rxd8
20. Bxg7 Kxg7 21. Rd1 Rxd1+ 22. Kxd1 Ng5 23. h4 Nf3 24. c5 Nxh4 25. Nb5 a6
26. Na7 Kf6 27. Nxc6 Ke6 28. b4 Nf3 29. Nb8 Ng5 30. f3 Nxf3 31. Nxa6 h5 32.
gxh5 gxh5 33. Nc7+ Kd7 34. Nd5 h4 35. Ke2 Nd4+ 36. Kf2 f5 37. exf5 Nxf5 38.
b5 Nd4 39. a4 Nb3 40. c6+ Kc8 41. b6 Na5 42. Ne7+ 1-0

[Event "38th Olympiad"]
[Site "Dresden GER"]
[Date "2008.11.20"]
[Round "7"]
[White "Croes,O"]
[Black "Anit,T"]
[Result "0-1"]
[WhiteElo "1980"]
[BlackElo "1881"]
[EventDate "2008.11.13"]

1. c4 e5 2. Nc3 f5 3. g3 Nf6 4. Bg2 Bc5 5. d3 c6 6. Nf3 e4 7. dxe4 fxe4 8.
Ng5 d5 9. cxd5 cxd5 10. Qb3 Qb6 11. Qxb6 Bxb6 12. e3 Nc6 13. O-O Ne5 14.
Nh3 Bxh3 15. Bxh3 g5 16. Be6 Rd8 17. Rd1 Nd3 18. Na4 Bc7 19. Rb1 Rf8 20. b4
Rd6 21. Bh3 Ng8 22. f4 gxf4 23. gxf4 Rg6+ 24. Kf1 Rh6 25. Kg2 Nf6 26. Rxd3
exd3 27. Bf5 Ne4 28. Bxe4 dxe4 29. Nc5 Rg8+ 30. Kh1 Rhg6 31. Bd2 Rg2 32.
Nxe4 Ke7 33. Ng3 Rxd2 0-1

[Event "38th Olympiad"]
[Site "Dresden GER"]
[Date "2008.11.20"]
[Round "7"]
[White "Farazi,K"]
[Black "Lopez,Jus"]
[Result "1/2-1/2"]
[WhiteElo "2207"]
[BlackElo "1948"]
[EventDate "2008.11.13"]

1. Nf3 Nf6 2. d4 g6 3. Nbd2 Bg7 4. e4 d6 5. Bc4 O-O 6. Bb3 Nc6 7. c3 e5 8.
dxe5 Nxe5 9. Nxe5 dxe5 10. O-O Qe7 11. Qe2 a5 12. a4 Rd8 13. Nc4 Be6 14. f3
Nd7 15. Be3 Nc5 16. Bc2 b6 17. Kh1 f6 18. Bg1 Kh8 19. b4 Nb7 20. bxa5 Nxa5
21. Nxa5 Rxa5 22. Rfd1 Bf8 23. Rxd8 Qxd8 24. Rd1 Qe8 25. h3 Be7 26. Qd2 g5
27. Qc1 Qc6 28. Qb2 Kg7 29. Bf2 Ra8 30. Kh2 Bc4 31. Qa1 Be6 32. Qb2 Bc4 33.
Ra1 Ra5 34. Bb3 Qe6 35. Bc2 Qc6 36. Be3 h6 37. Rd1 Be6 38. Ra1 Bc4 39. h4
Qe6 40. Qc1 Qc6 41. Qd1 Qe6 42. h5 Qc6 43. Bb3 Bxb3 44. Qxb3 Ra8 45. Ra2
Ra5 46. g4 Ra8 47. Kg3 Ra5 48. Ra1 Bc5 49. Bxc5 Rxc5 50. Rd1 Rxc3 51. Qb5
Qxb5 52. axb5 Rc2 53. Rd7+ Kg8 54. Rd1 Rc3 1/2-1/2

[Event "38th Olympiad"]
[Site "Dresden GER"]
[Date "2008.11.20"]
[Round "7"]
[White "Gerard,F"]
[Black "Sharify,A"]
[Result "0-1"]
[WhiteElo "2170"]
[BlackElo "2118"]
[EventDate "2008.11.13"]

1. d4 Nf6 2. c4 e6 3. Nc3 Bb4 4. a3 Bxc3+ 5. bxc3 c5 6. Nf3 Qa5 7. Bd2 b6
8. e3 Bb7 9. Bd3 d6 10. O-O Nbd7 11. d5 exd5 12. cxd5 Bxd5 13. c4 Qa6 14.
Qe2 Bc6 15. Bc3 Qb7 16. Nh4 O-O 17. f3 Ne5 18. e4 Bd7 19. Rad1 Be6 20. g4
Qa6 21. g5 Ne8 22. Bxe5 dxe5 23. f4 Rd8 24. f5 Rxd3 25. fxe6 Rxd1 26. Qxd1
fxe6 27. Rxf8+ Kxf8 28. Qd3 Qb7 29. g6 h6 30. Nf3 Qc7 31. Qc3 Qd6 32. Kg2
Nf6 33. Nxe5 Qd4 34. Qxd4 cxd4 35. Nc6 Nxe4 36. Nxd4 Ke7 37. Nc6+ Kf6 38.
Nxa7 Nd2 39. c5 bxc5 40. Nc6 c4 41. Kf2 c3 42. Nb4 Nc4 43. a4 Kxg6 44. Nc2
Kf6 45. Ne3 Ke7 46. Ke2 Nb2 47. a5 Kd6 48. Nc2 Kc5 49. a6 Kb6 50. Nb4 g5
51. Ke3 h5 52. Kd4 Nd1 53. Ke5 Ne3 54. Kxe6 g4 55. Ke5 h4 56. Kf4 g3 57.
hxg3 h3 58. Ke4 0-1

[Event "38th Olympiad"]
[Site "Dresden GER"]
[Date "2008.11.20"]
[Round "7"]
[White "Mannhart,M"]
[Black "Merritt,M"]
[Result "1/2-1/2"]
[WhiteElo "2154"]
[BlackElo "2123"]
[EventDate "2008.11.13"]

1. Nc3 c5 2. Nf3 Nc6 3. d4 cxd4 4. Nxd4 g6 5. Be3 Nf6 6. Nxc6 bxc6 7. Bd4
Bg7 8. Ne4 Qa5+ 9. Bc3 Qf5 10. Nxf6+ Bxf6 11. Qd3 d5 12. e3 O-O 13. Qxf5
Bxc3+ 14. bxc3 Bxf5 15. Bd3 Bxd3 16. cxd3 Rab8 17. O-O-O Rb6 18. Kc2 Ra6
19. Ra1 f5 20. Rhb1 f4 21. e4 dxe4 22. dxe4 Rd8 23. Rd1 Rd6 24. a4 Rxd1 25.
Kxd1 Rb6 26. Kc2 Kf7 27. Rd1 Ke6 28. f3 Rb8 29. Rd4 g5 30. Rb4 Rb6 31. Kb3
Kd6 32. Kc4 e5 33. a5 Rxb4+ 1/2-1/2

[Event "38th Olympiad"]
[Site "Dresden GER"]
[Date "2008.11.20"]
[Round "7"]
[White "Cave,C"]
[Black "Frick,R"]
[Result "1-0"]
[WhiteElo "2250"]
[BlackElo "2145"]
[EventDate "2008.11.13"]

1. e4 c5 2. Nf3 Nc6 3. Nc3 g6 4. d3 Bg7 5. Be3 b6 6. Qd2 e6 7. O-O-O Nf6 8.
d4 cxd4 9. Nxd4 Nxd4 10. Bxd4 Bb7 11. f3 O-O 12. g4 Bc6 13. h4 e5 14. Be3
h5 15. gxh5 Nxh5 16. Bc4 Kh7 17. Rdg1 Qc7 18. Bb3 a5 19. Qg2 d6 20. a3 b5
21. Ne2 a4 22. Ba2 Rac8 23. c3 Be8 24. Ng3 Nf4 25. Qd2 b4 26. axb4 a3 27.
h5 g5 28. Nf5 Bf6 29. Kb1 Bb5 30. Rc1 axb2 31. Kxb2 Nd3+ 32. Kb1 Rg8 33.
Rc2 Nf4 34. c4 Ba4 35. Rb2 Rgd8 36. b5 Ne6 37. Rg1 Nf4 38. Bf2 Nh3 39. Ne3
Nxg1 40. Nd5 Nxf3 41. Qe3 g4 42. Nxf6+ Kg7 43. Nxg4 Nd4 44. Qh6+ 1-0

[Event "38th Olympiad"]
[Site "Dresden GER"]
[Date "2008.11.20"]
[Round "7"]
[White "Guller,A"]
[Black "Singh,Rav"]
[Result "0-1"]
[WhiteElo "2117"]
[BlackElo "2084"]
[EventDate "2008.11.13"]

1. e4 c5 2. Nf3 e6 3. d4 cxd4 4. Nxd4 Nf6 5. Bd3 Qb6 6. Nb3 Nc6 7. O-O Be7
8. Be3 Qc7 9. Nc3 a6 10. Qe2 b5 11. f4 d6 12. a3 h5 13. Rae1 Bb7 14. Bf2
Ng4 15. Bg3 Qb6+ 16. Kh1 h4 17. Qxg4 hxg3 18. Qxg3 O-O-O 19. Qe3 Qc7 20.
Nd5 exd5 21. exd5 Bf6 22. dxc6 Qxc6 23. Be4 Qxe4 24. Qxe4 Bxe4 25. Rxe4
Bxb2 26. a4 d5 27. Re7 bxa4 28. Nc5 a3 29. Nxa6 Rd7 30. Rxd7 Kxd7 31. Nb4
Kd6 32. g3 Kc5 33. Na2 Re8 34. Nc1 Bxc1 35. Rxc1 a2 36. Ra1 Ra8 0-1

[Event "38th Olympiad"]
[Site "Dresden GER"]
[Date "2008.11.20"]
[Round "7"]
[White "Chang,E1"]
[Black "Muendle,K"]
[Result "1-0"]
[WhiteElo "2056"]
[BlackElo "1928"]
[EventDate "2008.11.13"]

1. e4 e6 2. d4 d5 3. Nc3 Bb4 4. e5 c5 5. a3 Ba5 6. b4 cxd4 7. Nb5 Bc7 8.
Nf3 Nc6 9. Bf4 Nge7 10. Nbxd4 Nxd4 11. Qxd4 Bd7 12. Bd3 Bb6 13. Qb2 Rc8 14.
O-O Qc7 15. Bd2 a6 16. a4 Ba7 17. b5 axb5 18. axb5 Bb6 19. Ra4 O-O 20. Rfa1
Rfd8 21. h4 Nf5 22. Bg5 Re8 23. c4 h6 24. Bf4 Ne7 25. Qd2 Ng6 26. Bxh6 Nxe5
27. Qg5 Nxf3+ 28. gxf3 Bd4 29. Re1 Bf6 30. Qg2 dxc4 31. Rxc4 Qd6 32. Rg4
Kf8 33. Rxg7 Qxd3 34. Rg6+ Ke7 35. Rxf6 Rg8 36. Bg5 Ke8 37. f4 Qxb5 38. f5
Rc6 39. Qg3 Qc4 40. Qa3 Qg4+ 41. Kh2 Qc4 42. Rfxe6+ Rxe6 43. Rxe6+ 1-0

[Event "38th Olympiad"]
[Site "Dresden GER"]
[Date "2008.11.20"]
[Round "7"]
[White "Hawes,J"]
[Black "Tsang Hon Ki"]
[Result "1/2-1/2"]
[WhiteElo "2174"]
[BlackElo "2121"]
[EventDate "2008.11.13"]

1. d4 f5 2. Nf3 Nf6 3. g3 g6 4. c4 Bg7 5. Nc3 d6 6. Bg2 Nc6 7. d5 Ne5 8.
Nd4 O-O 9. Qb3 Ne4 10. Nxe4 fxe4 11. Be3 c5 12. Ne6 Bxe6 13. dxe6 Qa5+ 14.
Bd2 Qa6 15. Rc1 Rab8 16. a4 Ng4 17. O-O e3 18. Bxe3 Nxe3 19. fxe3 b6 20.
Bd5 Rxf1+ 21. Rxf1 Rf8 22. Rxf8+ Kxf8 23. e4 Qa5 24. Qf3+ Bf6 25. b3 Qc3
26. Qxc3 Bxc3 27. Kf2 Kg7 28. Kf3 Kf6 29. e3 Kg5 30. h4+ Kf6 31. Bc6 Ke5
1/2-1/2

[Event "38th Olympiad"]
[Site "Dresden GER"]
[Date "2008.11.20"]
[Round "7"]
[White "Berlinsky,V"]
[Black "Damaso,R"]
[Result "1/2-1/2"]
[WhiteElo "2325"]
[BlackElo "2424"]
[EventDate "2008.11.13"]

1. e4 c5 2. Nf3 d6 3. d4 cxd4 4. Nxd4 Nf6 5. Nc3 Nc6 6. Bc4 Qb6 7. Ndb5 a6
8. Be3 Qd8 9. Nd4 Na5 10. Be2 e6 11. f4 b5 12. e5 dxe5 13. fxe5 Nd5 14.
Nxd5 Qxd5 15. O-O Bb7 16. Bf3 Qxe5 17. Qd3 Bd6 18. g3 O-O 19. Bf4 Qc5 20.
b4 Qxb4 21. Nxe6 Bc5+ 22. Nxc5 Qxc5+ 23. Be3 Qc7 24. Bf4 Qc5+ 25. Be3 Qe7
26. Bd4 Rad8 27. Qc3 b4 28. Qc5 Qd7 29. Rad1 Bxf3 30. Rxf3 Qd5 31. Qxd5
Rxd5 32. Rfd3 Rc8 33. Bb6 Rxd3 34. cxd3 Nb7 35. d4 Kf8 36. Rd2 Ke7 37. d5
Kd6 38. Kf2 Nc5 39. Kf3 Na4 40. Be3 Nc3 41. Bf4+ Kd7 42. d6 Rc6 43. h4 h5
44. g4 hxg4+ 45. Kxg4 Nb5 46. h5 Nxd6 47. Rd4 Rb6 48. Be5 f6 49. Bxd6 Rxd6
50. Rxb4 Ke6 51. Rb7 Rd4+ 52. Kg3 Rd7 53. Rb6+ Kf5 54. Rxa6 Kg5 55. Ra5+ f5
56. a4 Rf7 57. Rb5 Kxh5 58. a5 g5 59. a6 Kg6 60. Rb7 Rf6 61. a7 Ra6 62.
Rb6+ Rxb6 63. a8=Q Re6 64. Kf3 Re4 65. Qc6+ Kg7 66. Qd6 Rf4+ 67. Ke3 Re4+
68. Kd3 Kf7 69. Qh6 g4 70. Qg5 Ke6 71. Qg7 Rf4 72. Qg6+ Ke5 73. Qg7+ Ke6
74. Ke3 Re4+ 75. Kf2 Rf4+ 76. Kg3 Rf3+ 77. Kh4 Kd5 78. Qe7 Kd4 79. Kg5 Kd3
80. Qe1 g3 81. Qd1+ Ke4 1/2-1/2

[Event "38th Olympiad"]
[Site "Dresden GER"]
[Date "2008.11.20"]
[Round "7"]
[White "Dias,P"]
[Black "Krylov,Sergey"]
[Result "0-1"]
[WhiteElo "2406"]
[BlackElo "2388"]
[EventDate "2008.11.13"]

1. d4 Nf6 2. c4 g6 3. Nf3 Bg7 4. g3 O-O 5. Bg2 d6 6. O-O Nbd7 7. Nc3 e5 8.
h3 c6 9. e4 Re8 10. d5 Nc5 11. Ne1 a5 12. Be3 cxd5 13. cxd5 b6 14. f3 Nh5
15. Ne2 Ba6 16. Kh2 f5 17. Bxc5 bxc5 18. Nd3 Bh6 19. b3 Be3 20. g4 Nf4 21.
Nexf4 exf4 22. Qe2 Ra7 23. Rfd1 h5 24. g5 Qxg5 25. Qe1 Bd4 26. Rac1 Bb7 27.
Kh1 fxe4 28. fxe4 Bxd5 29. Rc2 Be6 30. Qf1 Rf7 31. Ne1 Qe7 32. Nf3 Be3 33.
Qd3 Rd8 34. e5 Bf5 35. exd6 Qf6 0-1

[Event "38th Olympiad"]
[Site "Dresden GER"]
[Date "2008.11.20"]
[Round "7"]
[White "Wassin,S"]
[Black "Rocha,S"]
[Result "0-1"]
[WhiteElo "2325"]
[BlackElo "2417"]
[EventDate "2008.11.13"]

1. d4 g6 2. c4 Bg7 3. e4 d6 4. f4 Nc6 5. Nf3 Bg4 6. Be3 e5 7. fxe5 dxe5 8.
d5 Nd4 9. Be2 Bxf3 10. Bxf3 Ne7 11. O-O O-O 12. Nd2 c5 13. Nb3 Qc7 14. Nc1
Nc8 15. Nd3 Nd6 16. Rc1 Rae8 17. Re1 b6 18. Kh1 Qe7 19. Qd2 Kh8 20. b4 Qc7
21. bxc5 bxc5 22. Bf2 Rb8 23. Bg4 f5 24. Bxd4 cxd4 25. exf5 gxf5 26. Bh5
Ne4 27. Qc2 Nc5 28. Nxc5 Qxc5 29. g4 e4 30. gxf5 d3 31. Qd1 Rb2 32. Rxe4
Qf2 33. Qg1 Qxf5 34. Qg4 Qf2 35. Qg3 Qf5 36. Qg4 Be5 37. Qxf5 Rxf5 38. Bg4
Rxh2+ 39. Kg1 Rff2 40. Bh3 Bd6 41. c5 d2 42. Rb1 Bxc5 43. Re8+ Kg7 44. Rb7+
Rf7+ 0-1

[Event "38th Olympiad"]
[Site "Dresden GER"]
[Date "2008.11.20"]
[Round "7"]
[White "Pereira,Rub"]
[Black "Schellmann,F"]
[Result "1-0"]
[WhiteElo "2437"]
[BlackElo "2144"]
[EventDate "2008.11.13"]

1. e4 c5 2. Nf3 Nc6 3. d4 cxd4 4. Nxd4 Nf6 5. Nc3 e5 6. Ndb5 d6 7. Bg5 a6
8. Na3 b5 9. Nd5 Be7 10. Bxf6 Bxf6 11. c3 O-O 12. Nc2 Bg5 13. a4 bxa4 14.
Rxa4 a5 15. Bc4 Rb8 16. b3 Kh8 17. Nce3 Ne7 18. Nxe7 Qxe7 19. Nd5 Qd8 20.
Qa1 Qd7 21. O-O Bd8 22. f4 Qa7+ 23. Kh1 Bd7 24. Ra2 exf4 25. Nxf4 Bb6 26.
Qd1 Bc6 27. Qxd6 Bxe4 28. Ne6 Rfe8 29. Nxg7 Bc5 30. Qf4 Kxg7 31. Qf6+ 1-0

[Event "38th Olympiad"]
[Site "Dresden GER"]
[Date "2008.11.20"]
[Round "7"]
[White "Espinoza,F"]
[Black "Agnelo,A"]
[Result "1-0"]
[WhiteElo "2243"]
[BlackElo "2168"]
[EventDate "2008.11.13"]

1. e4 c5 2. Nf3 d6 3. d4 cxd4 4. Nxd4 Nf6 5. Nc3 a6 6. Bg5 e6 7. f4 Be7 8.
Qf3 Nbd7 9. O-O-O Qc7 10. g4 h6 11. Bxf6 Bxf6 12. h4 Qb6 13. Nb3 g6 14. Be2
Bg7 15. Kb1 O-O 16. Rhf1 Qc6 17. Qd3 Nc5 18. Nxc5 dxc5 19. e5 Rb8 20. Bf3
Qc7 21. g5 c4 22. Qe2 b5 23. Ne4 Bb7 24. gxh6 Bxh6 25. Nf6+ Kg7 26. Rd7 Qb6
27. h5 Bc8 28. Rd6 Qa7 29. Be4 1-0

[Event "38th Olympiad"]
[Site "Dresden GER"]
[Date "2008.11.20"]
[Round "7"]
[White "Domingos,E"]
[Black "Picado,J"]
[Result "0-1"]
[WhiteElo "2198"]
[BlackElo "2219"]
[EventDate "2008.11.13"]

1. d4 c5 2. e3 Nf6 3. Nf3 e6 4. c4 cxd4 5. exd4 d6 6. Bd3 Nbd7 7. O-O b6 8.
Nc3 Bb7 9. Bg5 Be7 10. Re1 O-O 11. Qe2 Rc8 12. Bh4 Nh5 13. Bg3 Nxg3 14.
hxg3 Re8 15. Rad1 Qc7 16. Qe3 h6 17. g4 a6 18. Rc1 Qb8 19. Ne4 d5 20. Ng3
Bb4 21. Re2 dxc4 22. Rxc4 Bd6 23. Ne5 Nxe5 24. dxe5 Rxc4 25. Bxc4 Bc5 26.
Qf4 Rd8 27. g5 Rd1+ 28. Kh2 Rd4 29. Qc1 Qd8 30. Bb3 hxg5 31. Bc2 g4 32. a3
Qh4+ 33. Kg1 Qxg3 34. f4 0-1

[Event "38th Olympiad"]
[Site "Dresden GER"]
[Date "2008.11.20"]
[Round "7"]
[White "Bravo,Will"]
[Black "Sousa,A"]
[Result "1/2-1/2"]
[WhiteElo "2157"]
[BlackElo "2210"]
[EventDate "2008.11.13"]

1. d4 Nf6 2. c4 g6 3. Nc3 Bg7 4. e4 d6 5. Nf3 O-O 6. Be2 e5 7. O-O Nc6 8.
d5 Ne7 9. b4 Ne8 10. a4 f5 11. Nd2 Rf7 12. c5 Nf6 13. f3 f4 14. Ba3 Ne8 15.
Nc4 g5 16. b5 Rf6 17. a5 b6 18. cxb6 axb6 19. axb6 cxb6 20. Na4 Rb8 21. Bb4
Bd7 22. Ncxb6 Rxb6 23. Ba5 Nc8 24. Rc1 g4 25. fxg4 f3 26. Rxf3 Rxf3 27.
gxf3 Bh6 28. Rxc8 Be3+ 29. Kg2 Bxc8 30. Nxb6 Bxb6 31. Bxb6 Qxb6 32. Qc1 Bd7
33. Qg5+ Ng7 34. h4 Bxb5 35. Bxb5 Qxb5 36. Qd8+ Ne8 37. Qg5+ Ng7 38. Qd8+
Ne8 39. Qg5+ 1/2-1/2

[Event "38th Olympiad"]
[Site "Dresden GER"]
[Date "2008.11.20"]
[Round "7"]
[White "Phillips,R"]
[Black "Kim,Alex"]
[Result "0-1"]
[WhiteElo "2250"]
[BlackElo "2481"]
[EventDate "2008.11.13"]

1. e4 c5 2. Nc3 e6 3. f4 Nc6 4. Nf3 Be7 5. Bb5 Nd4 6. Nxd4 cxd4 7. Ne2 Qb6
8. Bd3 d6 9. O-O Nf6 10. b3 Bd7 11. Bb2 e5 12. Ng3 g6 13. Ba3 Bb5 14. Qf3
a6 15. Kh1 Rc8 16. c4 dxc3 17. dxc3 exf4 18. Bxb5+ Qxb5 19. Qxf4 Qe5 20. c4
h5 21. Rae1 b5 22. cxb5 axb5 23. Qd2 b4 24. Bb2 Rc3 25. Rf3 h4 26. Rxc3
bxc3 27. Bxc3 Qb5 28. Nf1 h3 29. Ng3 hxg2+ 30. Kxg2 Rh4 31. Qg5 0-1

[Event "38th Olympiad"]
[Site "Dresden GER"]
[Date "2008.11.20"]
[Round "7"]
[White "Chinasamy,D"]
[Black "Kim Yongtae"]
[Result "1-0"]
[WhiteElo "2086"]
[BlackElo "1853"]
[EventDate "2008.11.13"]

1. e4 c5 2. Nc3 e6 3. f4 d5 4. Bb5+ Bd7 5. exd5 Bxb5 6. Nxb5 exd5 7. Nf3
Nf6 8. O-O Be7 9. d3 O-O 10. Ne5 a6 11. Nc3 Qc7 12. Qf3 Rd8 13. Bd2 Nc6 14.
Nxc6 Qxc6 15. Rae1 Bf8 16. Re5 Rac8 17. Rfe1 d4 18. Ne4 Nxe4 19. Qxe4 Qxe4
20. R5xe4 b5 21. Ba5 Rd6 22. Re8 Rdc6 23. R1e2 c4 24. Bb4 cxd3 25. cxd3
Rc1+ 26. Kf2 R1c2 27. Rxf8+ Rxf8 28. Rxc2 Ra8 29. Kf3 Re8 30. Re2 Rc8 31.
Bc5 h6 32. Bxd4 Rd8 33. Ke3 Re8+ 34. Kd2 Rd8 35. Bc5 Kh7 36. b4 Kg6 37. g3
Kf5 38. h3 Ra8 39. Re5+ Kg6 40. d4 a5 41. a3 axb4 42. Bxb4 Rb8 43. d5 Kf6
44. Be7+ Kg6 45. f5+ 1-0

[Event "38th Olympiad"]
[Site "Dresden GER"]
[Date "2008.11.20"]
[Round "7"]
[White "Baules,J"]
[Black "Pace,C"]
[Result "1-0"]
[WhiteElo "2317"]
[BlackElo "2148"]
[EventDate "2008.11.13"]

1. e4 c5 2. Nf3 g6 3. d4 Bg7 4. c4 Qb6 5. dxc5 Qxc5 6. Nc3 Bxc3+ 7. bxc3 d6
8. Qd4 f6 9. Be3 Qc7 10. c5 dxc5 11. Qxc5 Qxc5 12. Bxc5 b6 13. Be3 Ba6 14.
c4 Nd7 15. Nd4 Nc5 16. f3 O-O-O 17. a4 e5 18. Nc6 Rd7 19. a5 Rc7 20. Nxa7+
Kb7 21. Rb1 Na4 22. axb6 1-0